000 01369pam a2200385 a 4500
005 20260322212047.0
008 data
010 _a 87045280
020 _a0060218525 :
_c{dollar}11.95
020 _a0060218533 (lib. bdg.) :
_c{dollar}11.89
020 _a0064460932 (pbk.)
020 _a9780060218522 :
_c{dollar}11.95
020 _a9780060218539 (lib. bdg.) :
_c{dollar}11.89
020 _a9780064460934 (pbk.)
040 _aDLC
_cDLC
_dDLC
042 _alcac
050 0 0 _aPS3556.L42268
_bJ69 1988
082 0 0 _a811/.54
_219
092 _a811 J69 1988
100 1 _aFleischman, Paul.
245 1 0 _aJoyful noise :
_bpoems for two voices /
_cPaul Fleischman & Eric Beddows.
250 _a1st ed.
260 _aNew York :
_bHarper & Row,
_cc1988.
300 _a44 p. :
_bill. ;
_c24 cm.
500 _a"A Charlotte Zolotow book."
520 _aA collection of poems describing the characteristics and activities of a variety of insects.
650 0 _aInsects
_xJuvenile poetry.
650 0 _aChildren's poetry, American.
650 1 _aInsects
_xPoetry.
650 1 _aAmerican poetry.
700 1 _aBeddows, Eric,
_d1951-
_eill.
856 4 2 _3Publisher description
_uhttp://www.loc.gov/catdir/description/hc044/87045280.html
856 4 2 _3Contributor biographical information
_uhttp://www.loc.gov/catdir/enhancements/fy0911/87045280-b.html
001 data
999 _c1106
_d1106